La educación moral en la escuela: propuestas y materiales
Guardat en:
| Autor principal: | |
|---|---|
| Format: | Llibre |
| Idioma: | espanyol |
| Publicat: |
Madrid
Paulinas
1981
|
| Col·lecció: | Colección Ethos
|
| Matèries: | |
| Etiquetes: |
Afegir etiqueta
Sense etiquetes, Sigues el primer a etiquetar aquest registre!
|
MARC
| LEADER | 00000nam a2200000 a 4500 | ||
|---|---|---|---|
| 001 | UCZ6439 | ||
| 003 | CL-VaPUC | ||
| 008 | 951211e19810000SP |||||||||||||||||spa|d | ||
| 082 | 0 | 4 | |a 370.114 |b VID |2 21 |
| 100 | |a Vidal García, Marciano |e author |9 600968 | ||
| 245 | 1 | 3 | |a La educación moral en la escuela: propuestas y materiales |
| 300 | |a 181 p | ||
| 942 | |c BK | ||
| 945 | |d 19951211 00:00:00 |a cmena | ||
| 260 | |a Madrid |b Paulinas |c 1981 | ||
| 650 | 0 | |a Educación moral |9 308319 | |
| 650 | 0 | |a Ética |9 255099 | |
| 650 | 7 | |a DESARROLLO MORAL |2 CL-VaPUC |9 310605 | |
| 650 | 0 | |a Métodos de enseñanza |9 270413 | |
| 583 | |a last modification |c 19951211 00:00:00 |k Rodrigo Vera | ||
| 490 | 0 | |a Colección Ethos | |
| 999 | |c 242641 |d 242639 | ||
| 952 | |0 0 |1 0 |4 0 |6 370_114000000000000_VID_1981 |7 0 |8 P |9 255713 |a BIBEDU |b BIBEDU |c BIBEDU_PB |d 2019-11-19 |i 1603671 |o 370.114 VID 1981 |p 1603671 |r 2024-01-25 |w 2019-11-19 |y BK |k EDU | ||
| 952 | |0 0 |1 2 |4 0 |6 370_114000000000000_VID_1981 |7 0 |8 A |9 255714 |a BIBTEO |b BIBTEO |d 2019-11-19 |i 2010305 |o 370.114 VID 1981 |p 2010305 |r 2019-11-19 |w 2019-11-19 |x Descarte 2019 |y BK |k ICR | ||